[Event "CZE-tht Extraliga 2018-19"]
[Site "Czech Republic"]
[Date "2018.12.01"]
[Round "3"]
[White "Huschenbeth, Niclas"]
[Black "Markowski, Tomasz"]
[Result "1/2-1/2"]
[WhiteElo "2591"]
[BlackElo "2546"]
[Annotator "TA"]
[PlyCount "175"]
[EventDate "2018.11.03"]
[EventType "team-tourn"]
[EventCountry "CZE"]
[SourceTitle "playchess.com"]
[Source "ChessBase"]
[SourceQuality "1"]
[WhiteTeam "Duras"]
[BlackTeam "Poruba"]

{[%evp 17,175,50,44,32,38,32,27,33,34,31,42,21,45,42,69,37,37,42,42,32,47,50,52,56,52,40,46,22,56,44,58,47,49,53,63,14,19,22,19,11,11,9,53,42,102,110,102,102,110,97,125,120,155,157,158,154,141,139,141,125,116,102,120,87,89,87,87,95,88,68,69,68,74,69,87,67,58,55,95,95,96,96,95,6,5,5,16,16,16,16,16,9,9,9,35,35,35,35,35,35,43,0,0,0,0,0,0,0,0,0,0,0,0,0,0,0,0,0,0,0,0,0,0,0,0,0,0,0,0,0,0,0,0,0,0,0,0,0,0,0,0,0,0,0,0,0,0,0,0,0,0,0,0,0,0,0,0,0,0,0]} 1. e4 c5 2. Nf3 e6 3. d4 cxd4 4. Nxd4 a6 5. Bd3 Nf6 {[%cal Bg8f6,Bf6d7,Bd7c5][%mdl 32]} 6. O-O d6 7. c4 Nc6 8. Nxc6 {B42: Sicilian: Kan Variation: 5 Bd3} (8. Be3 Ne5 9. Nc3 Nxd3 10. Qxd3 Be7 11. h3 O-O 12. a4 Bd7 13. a5 Rc8 14. Rfc1 Qc7 15. b3 Qb8 {1-0 (67) Edouard,R (2622)-Markowski,T (2557) Warsaw 2017 CBM 180 [Edouard,R]}) 8... bxc6 9. Nc3 Be7 {LiveBook: 12 Games} 10. Re1 {White is slightly better.} Nd7 11. b3 $146 ({Predecessor:} 11. Bf4 O-O 12. Bc2 Qc7 13. Qd2 c5 14. Rad1 Ne5 15. b3 Rd8 {0-1 (103) Madl,I (2415)-Tolnai,T (2520) Balatonbereny 1994}) 11... Nc5 12. Be3 Qa5 13. Rc1 e5 14. Be2 Be6 15. Qd2 Rb8 16. Rb1 Qb4 17. Qc1 O-O 18. Rd1 Rfc8 19. a3 {[%cal Ba2a3,Ba3a4,Ba4a5][%mdl 32]} Qb7 $1 20. b4 Nd7 21. Qd2 Nf6 22. Bg5 Rd8 23. a4 h6 24. Bxf6 Bxf6 25. a5 Bg5 26. Qd3 Qc7 27. g3 c5 {[%cal Bc6c5,Bc5c4][%mdl 32]} 28. b5 axb5 ({Don't play} 28... Qxa5 $6 29. Ra1 $16) 29. cxb5 c4 30. b6 Qc5 ({Much worse is} 30... cxd3 $6 31. bxc7 Rxb1 32. Rxb1 $18 (32. cxd8=R+ Bxd8 33. Rxb1 Bxa5 $16)) (30... Qxb6 $1 $14 31. axb6 (31. Rxb6 cxd3 32. Bxd3 Rxb6 $16) 31... cxd3 32. Bxd3 (32. Rxd3 Rd7 $14) 32... Bg4) 31. Qc2 $1 $16 Qxa5 32. h4 $1 {[%cal Rh4g5]} Bf6 {[#]} 33. Nd5 $1 Rdc8 34. Bxc4 Qc5 35. b7 Rc6 36. Qa2 Qxc4 37. Qa8 Rxa8 38. bxa8=Q+ Kh7 39. Nxf6+ gxf6 40. Rb8 {Intending Rh8+ and mate.} Bc8 41. Qa7 {Threatens to win with Rb4.} Kg7 {[#]} 42. Qe3 $1 Qa4 43. Rbb1 f5 44. exf5 Bxf5 45. Rbc1 Ra6 46. Rd2 Qb4 47. Kh2 Be6 48. Rcd1 {Strongly threatening Rxd6!} Bf5 49. Rd5 Be4 50. R5d4 (50. R1d4 $16 exd4 51. Qxe4) 50... exd4 $11 51. Rxd4 Qb1 {[%csl Ge4][%cal Rb1h1]} 52. Rxe4 {[%mdl 4096] Endgame KQR-KQR} Ra1 {[%csl Ga1][%cal Rb1h1]} 53. Qc3+ Kh7 {[%csl Ga1][%cal Rb1h1]} 54. Qf3 Qg1+ 55. Kh3 Qh1+ (55... Qf1+ {with more complications.} 56. Qg2 Qxg2+ 57. Kxg2 Ra5 58. g4 Kg7) 56. Qxh1 Rxh1+ $14 {KR-KR} 57. Kg4 Rd1 58. Kf5 Rd2 59. f4 {aiming for Kf6.} Kg7 {The position is equal.} 60. Re7 Rd5+ 61. Ke4 Rd1 (61... Ra5 {keeps more tension.} 62. Kf3 Ra3+ 63. Kf2 h5 64. Rd7 Rd3) 62. Rd7 h5 63. Ra7 d5+ 64. Ke3 Kf6 65. Rd7 Ke6 66. Rd8 Ra1 67. Re8+ Kd6 68. Rd8+ Ke6 69. Rh8 Ra3+ 70. Kf2 Ra2+ 71. Ke3 Ra3+ 72. Kf2 Ra2+ 73. Kf3 Ra3+ 74. Kg2 Ra2+ 75. Kf3 Ra3+ 76. Kg2 Ra2+ 77. Kh3 d4 {[%cal Bd5d4,Bd4d3,Bd3d2][%mdl 32]} 78. Rxh5 d3 {Hoping for ...d2.} 79. Re5+ Kd6 80. Re8 {Black must now prevent Rd8+.} Kd5 {...Ra6 is the strong threat.} 81. Kg4 d2 82. Rd8+ Ke4 {And now ...Ke3 would win.} 83. h5 {[%cal Bh4h5,Bh5h6,Bh6h7][%mdl 32]} Ke3 84. h6 Ra1 85. h7 Rh1 86. Re8+ Kf2 87. Rd8 Ke3 (87... Ke2 $5 88. Re8+ $8 Kd3 89. Rd8+ Ke3 90. Re8+ Kd4 91. Rd8+ Ke3 $11) 88. Re8+ {Precision: White = 71%, Black = 71%.} 1/2-1/2

[Event "CZE-tht Extraliga 2018-19"]
[Site "Czech Republic"]
[Date "2018.12.01"]
[Round "3"]
[White "Stocek, Jiri"]
[Black "Langner, Ladislav"]
[Result "1-0"]
[WhiteElo "2576"]
[BlackElo "2393"]
[Annotator "TA"]
[PlyCount "147"]
[EventDate "2018.11.03"]
[EventType "team-tourn"]
[EventCountry "CZE"]
[SourceTitle "playchess.com"]
[Source "ChessBase"]
[SourceQuality "1"]
[WhiteTeam "Pardubice"]
[BlackTeam "Cesky Tesin"]

{[%evp 14,147,80,49,100,100,102,98,90,61,74,56,60,34,76,77,95,76,84,70,106,106,110,99,109,110,103,100,130,122,135,142,145,147,154,119,154,125,126,0,135,127,154,129,143,123,126,95,119,118,120,115,114,106,114,106,114,110,131,121,121,121,121,84,106,0,121,106,112,104,125,121,146,104,104,104,103,85,105,72,102,99,86,85,137,87,90,50,60,0,0,0,302,302,287,256,356,66,94,41,102,-10,-19,-11,-18,-22,-15,-27,-31,-47,-58,-68,-75,-90,0,0,0,0,0,0,127,156,284,262,242,270,257,258,12829,12835,12843,12843,12843,12843,12843,12843]} 1. d4 Nf6 2. c4 c5 3. d5 e5 4. Nc3 d6 5. e4 Be7 6. Bd3 Nbd7 7. Be3 {A56: Czech Benoni} (7. Nge2 g6 8. O-O Nh5 9. Be3 O-O 10. Qd2 Ng7 11. Bh6 Nf6 12. h3 Kh8 13. Kh1 Ng8 14. Be3 Bd7 15. a3 {½-½ (102) Giri,A (2782)-Aronian,L (2767) chess.com INT 2018}) 7... Nf8 8. f3 {LiveBook: 4 Games} h5 (8... Nh5 $14) 9. h4 $16 {White is better.} Ng6 $146 ({Predecessor:} 9... a6 10. Qd2 Ng6 11. g3 Bd7 12. a4 Qb8 13. Kf2 Bd8 14. Nge2 Ba5 {1-0 (34) Grimm,J (1939)-Grill,B (2205) Wunsiedel 2014}) 10. g3 Bd7 11. Rh2 a6 12. a3 O-O 13. b4 b6 14. Rb2 Qc7 15. Rab1 Rfb8 16. Nge2 a5 17. bxc5 bxc5 18. Qc1 Bc8 19. Bd2 Bd8 20. Nd1 Nd7 21. Nec3 Nb6 22. Ne3 Qd7 23. Bf1 Ne7 24. Qc2 Bc7 25. Ncd1 Qd8 26. Nc3 (26. Kf2 $16) 26... Bd7 (26... Qd7 $11) 27. Nb5 Rb7 28. Rb3 Qb8 29. Bc3 Bd8 30. Qh2 Na4 31. Bd2 Ra6 32. Bh3 Be8 33. Qe2 Nb6 34. Nc3 Raa7 35. Qd1 Na8 36. Qc2 Rxb3 37. Qxb3 Nb6 38. Ncd1 Qb7 39. Nc3 ({White should try} 39. Kf2 $16) 39... Ra6 (39... Qb8 $1 $11 {keeps the balance.}) 40. Rb2 Qa8 41. Qc2 Nbc8 42. Nb5 Rb6 43. Qb1 a4 44. Nd1 Rb7 45. Kf2 Ba5 46. Bg5 {And now Bxe7 would win.} f6 47. Be6+ Kf8 48. Bc1 Qa6 ({Better is} 48... Qb8) 49. Qd3 $36 {[%mdl 2048] White is on the roll.} Na7 {[%cal Ra7b5]} 50. Nxa7 (50. Ndc3 {looks sharper.} Bxc3 51. Nxc3 Rxb2+ 52. Bxb2 Qb7 53. Qc2) 50... Qxa7 51. f4 (51. Qb1 $14 Rxb2+ 52. Qxb2 (52. Bxb2 Qb7 $11)) 51... exf4 $11 52. gxf4 Qb8 $2 {[%mdl 8192]} (52... Ng6 $11 {and Black is okay.}) 53. Rxb7 $18 Qxb7 {[#]} 54. e5 $1 {[%mdl 512]} dxe5 55. fxe5 $2 ({White has to play} 55. Qh7 $18 {Intending Qh8+ and mate.} Bf7 56. fxe5 (56. Bxf7 Kxf7 57. fxe5 fxe5 $16) 56... Bxe6 57. dxe6) 55... Bg6 $14 56. Qe3 (56. Qe2 $16) 56... Qb3 {[#]} (56... fxe5 $14 57. Qxe5 Qb1) 57. Qxb3 (57. exf6 $1 $16 Qc2+ 58. Qe2 gxf6 59. Qxc2 Bxc2 60. Ne3) 57... axb3 $11 58. exf6 gxf6 59. Bb2 Nf5 60. Bxf5 Bxf5 61. Bxf6 {[%mdl 4096] Endgame KBB-KBN} Kf7 62. Be5 Bd8 {[%mdl 1024] Black has compensation.} 63. Kg3 Bc2 ({Black should play} 63... Bc8 $17) 64. Nb2 $1 Kg6 65. a4 Kf5 66. Bc3 {a5 is the strong threat.} Bc7+ (66... Ke4 $1 $11) 67. Kf3 $16 Be4+ {[#]} (67... Kg6 $16 68. Ke3 Bf5) 68. Ke3 $1 $18 Bf4+ 69. Ke2 Kg4 70. Nd3 Bxd3+ $2 (70... Bf5 71. Nxc5 Bd6) 71. Kxd3 {White is clearly winning.} Kxh4 72. a5 {[%cal Ba4a5,Ba5a6][%mdl 32]} Kg4 73. a6 Bb8 {[#]} 74. d6 $1 {[%mdl 512] Accuracy: White = 47%, Black = 32%.} 1-0

[Event "CZE-tht Extraliga 2018-19"]
[Site "Czech Republic"]
[Date "2018.12.01"]
[Round "3"]
[White "Nguyen, Thai Dai Van"]
[Black "Ponomariov, Ruslan"]
[Result "1/2-1/2"]
[WhiteElo "2556"]
[BlackElo "2681"]
[Annotator "TA"]
[PlyCount "36"]
[EventDate "2018.11.03"]
[EventType "team-tourn"]
[EventCountry "CZE"]
[SourceTitle "playchess.com"]
[Source "ChessBase"]
[SourceQuality "1"]
[WhiteTeam "Siesta"]
[BlackTeam "Lysa nad Labem"]

{[%evp 20,36,33,34,45,47,58,39,48,44,44,44,49,50,64,64,50,54,48]} 1. e4 e5 2. Nf3 Nc6 3. Bb5 a6 4. Ba4 Nf6 5. O-O Be7 6. Re1 d6 7. Bxc6+ bxc6 8. d4 Nd7 9. dxe5 {C87: Closed Ruy Lopez: Steinitz-type lines after 6 Re1 d6} Nxe5 (9... dxe5 10. Nbd2 f6 11. Nc4 Nc5 12. Qxd8+ Kxd8 13. Na5 Bd7 14. Bd2 Rb8 15. b3 Kc8 16. Rad1 Rd8 17. Bc3 Ne6 {0-1 (56) Bijaoui,M (2406)-Ipatov,A (2648) Drancy 2016}) 10. Nxe5 dxe5 11. Qxd8+ {LiveBook: 4 Games. White is slightly better.} Kxd8 12. Nc3 Bd7 $146 ({Predecessor:} 12... Be6 13. Be3 Rb8 14. b3 Kc8 15. Na4 Rd8 16. Ba7 Ra8 {1-0 (42) Aseev,K (2517)-Meister,J (2473) Samara 2000}) 13. Rd1 Kc8 14. Be3 f5 15. f3 f4 16. Bf2 g5 17. Na4 g4 18. Nc5 Bxc5 1/2-1/2

[Event "CZE-tht Extraliga 2018-19"]
[Site "Czech Republic"]
[Date "2018.12.01"]
[Round "3"]
[White "Heberla, Bartlomiej"]
[Black "Miton, Kamil"]
[Result "1/2-1/2"]
[WhiteElo "2550"]
[BlackElo "2588"]
[Annotator "TA"]
[PlyCount "97"]
[EventDate "2018.11.03"]
[EventType "team-tourn"]
[EventCountry "CZE"]
[SourceTitle "playchess.com"]
[Source "ChessBase"]
[SourceQuality "1"]
[WhiteTeam "Brno"]
[BlackTeam "Ostrava"]

{[%evp 13,97,-4,0,0,22,8,37,28,30,22,26,20,22,20,28,27,14,11,30,12,11,13,9,14,18,10,18,18,23,16,2,11,39,12,15,6,16,0,0,0,5,-11,29,27,28,20,37,20,22,22,34,8,40,47,50,50,57,9,52,0,5,0,0,0,5,0,0,0,0,0,0,0,0,0,0,0,5,5,6,6,18,18,18,18,18,18]} 1. d4 Nf6 2. c4 e6 3. Nf3 d5 4. e3 a6 5. b3 c5 (5... dxc4 6. bxc4 c5 7. Bd3 cxd4 8. exd4 Bb4+ 9. Nbd2 O-O 10. Bb2 b5 11. c5 Bxc5 12. Bxh7+ Nxh7 13. dxc5 {½-½ (30) Artemiev,V (2706)-Rakhmanov,A (2634) Sochi 2018}) 6. cxd5 {D30: Queen's Gambit Declined: Systems without Nc3} Nxd5 7. Bb2 cxd4 {LiveBook: 3 Games} 8. Nxd4 Bb4+ 9. Nd2 e5 $146 ({Predecessor:} 9... O-O 10. a3 Be7 11. Bd3 Bd7 12. O-O Nc6 13. N2f3 Rc8 14. Nxc6 Bxc6 15. Ne5 Bb5 {½-½ (15) Levin,E (2505)-Popov,V (2548) St Petersburg 2013}) 10. N4f3 $1 Nc6 11. a3 Bxd2+ 12. Qxd2 f6 13. Rd1 Be6 14. Bc4 {[%cal Rc4d5]} Nc7 15. Qc2 Qe7 16. Bd3 Nb5 17. b4 Rc8 18. Qb1 g6 19. O-O Nd6 20. Nd2 O-O 21. Ne4 Nxe4 22. Bxe4 Rfd8 23. Rxd8+ Rxd8 24. Bxc6 bxc6 25. Qc2 Qd6 26. h3 Qd5 27. Rc1 Bf5 28. Qxc6 Qxc6 29. Rxc6 $11 {[%mdl 4096] Endgame KRB-KRB} Rd1+ 30. Kh2 Rd2 31. Bc3 Rc2 32. Kg3 (32. g4 $5 {[%cal Rg4f5]} Be4 33. Rc8+ Kf7 34. Kg3 $14) 32... Kf7 33. a4 {[%cal Ba3a4,Ba4a5][%mdl 32]} Bd7 34. Rc7 Ke6 35. a5 Ba4 36. Rc5 (36. b5 $14 Bxb5 {[#]} 37. Bxe5 $1 {[%mdl 576] Discovered Attack} Rxc7 38. Bxc7) 36... Bb5 {The position is equal.} 37. Kf3 Be2+ 38. Kg3 Bb5 39. Rc7 Bd3 40. Kf3 Be2+ 41. Kg3 Bd3 42. Rc6+ Kd7 43. Rc5 {[#] And now Rd5+ would win.} Ke6 44. Ba1 Rxc5 45. bxc5 Kd5 46. f4 Kxc5 47. fxe5 fxe5 48. Bxe5 Kd5 49. Bd4 {Accuracy: White = 55%, Black = 70%.} 1/2-1/2

[Event "CZE-tht Extraliga 2018-19"]
[Site "Czech Republic"]
[Date "2018.12.01"]
[Round "3"]
[White "Plat, Vojtech"]
[Black "Bernasek, Jan"]
[Result "1-0"]
[WhiteElo "2539"]
[BlackElo "2477"]
[Annotator "TA"]
[PlyCount "103"]
[EventDate "2018.11.03"]
[EventType "team-tourn"]
[EventCountry "CZE"]
[SourceTitle "playchess.com"]
[Source "ChessBase"]
[SourceQuality "1"]
[WhiteTeam "Lysa nad Labem"]
[BlackTeam "Siesta"]

{[%evp 12,103,62,36,50,47,53,33,45,39,45,41,86,81,96,52,36,26,29,34,61,35,125,131,112,104,119,84,83,62,169,154,158,158,168,174,255,145,145,147,174,155,156,157,212,201,212,210,191,185,178,184,200,179,262,185,276,276,276,276,364,265,276,276,276,276,268,262,337,290,341,261,336,261,336,254,246,245,232,231,338,338,438,338,328,302,338,207,210,206,206,206,511,502]} 1. e4 c5 2. Nf3 Nc6 3. Bb5 g6 4. O-O Bg7 5. Re1 Nh6 6. c3 {B31: Sicilian: 2...Nc6 3 Bb5 g6} (6. d3 O-O 7. Bxc6 bxc6 8. Nc3 d6 9. h3 e5 10. a3 f5 11. b4 cxb4 12. axb4 Nf7 13. Bd2 d5 14. Qb1 fxe4 15. dxe4 d4 16. Na4 g5 17. Nc5 g4 18. hxg4 Bxg4 {½-½ (58) Grigoriants,S (2576)-Nakamura,H (2786) chess.com INT 2017}) 6... O-O 7. h3 {LiveBook: 3 Games} e5 8. Na3 $146 {White is slightly better.} ({Predecessor:} 8. d3 d6 9. d4 cxd4 10. Bxc6 bxc6 11. cxd4 f6 12. Be3 Nf7 13. Nc3 Bh6 14. Qd2 Bxe3 15. Qxe3 Qb6 {½-½ (15) Koutecky,V-Stehlik,J (2122) Plzen 1999}) 8... d6 9. Bxc6 bxc6 10. d4 $1 exd4 11. cxd4 d5 12. exd5 ({Of course not} 12. dxc5 dxe4 13. Bxh6 Qxd1 $11) 12... cxd4 13. Bxh6 ({But not} 13. Nxd4 $6 Qxd5 14. Bxh6 Bxh6 $11) 13... Bxh6 14. dxc6 d3 15. Qa4 Be6 16. Rad1 Qd5 (16... d2 $14 17. Re2 Qd3 18. Rdxd2 Bxd2 19. Rxd2 Qf5) 17. Qh4 $36 {[%mdl 2048] Black is under strong pressure.} Bg7 18. Ng5 {[%csl Gg5][%cal Rh4h7] [#]} Rfe8 19. Qxh7+ Kf8 20. Qh4 {Threatens to win with Qf4.} Bf5 (20... Qxc6 $14 21. Rxe6 (21. Rxd3 Bxa2 22. Ra1 Re2 $14) 21... Rxe6) 21. Qb4+ Kg8 22. Rxe8+ Rxe8 23. Qc4 Re5 (23... Qxc4 {keeps fighting.} 24. Nxc4 Rc8) 24. Qxd5 (24. b4 $18) 24... Rxd5 25. Nc4 Bh6 26. Nf3 Rc5 {[#]} 27. b3 $1 Rxc6 (27... Bg7 $16 28. Ng5 Rxc6) 28. Nd4 $18 Ra6 29. Nxf5 gxf5 30. Rxd3 Rxa2 {[%mdl 4096] Endgame KRB-KRN} 31. g3 Kg7 32. Kg2 a5 (32... Kf6 $142 33. Rd6+ Kg7) 33. Rd7 a4 (33... Rc2 $142 34. Ra7 Bc1 35. Rxa5 f4) 34. bxa4 Rxa4 35. Nd6 Kf6 36. Nxf7 Bf8 37. h4 Ra2 38. Ng5 Bc5 39. Nh3 Ke6 40. Rd3 Ke5 41. Rf3 Bd4 42. Nf4 Ba7 43. Nd3+ Ke6 44. h5 Kf6 45. Nf4 Bd4 (45... Kg5 $142 46. Nh3+ Kxh5 47. Rxf5+ Kg6) 46. Nh3 Ke5 47. Rb3 Kf6 48. Rd3 Ra4 49. Rd2 Kg7 50. Rc2 Ra6 51. Rc4 Bf6 $2 (51... Be5 {is tougher.} 52. Rc5 Kf6) 52. Rc5 {Accuracy: White = 70%, Black = 41%.} 1-0

[Event "CZE-tht Extraliga 2018-19"]
[Site "Czech Republic"]
[Date "2018.12.01"]
[Round "3"]
[White "Zilka, Stepan"]
[Black "Pokorny, Petr"]
[Result "1-0"]
[WhiteElo "2533"]
[BlackElo "2211"]
[Annotator "TA"]
[PlyCount "59"]
[EventDate "2018.11.03"]
[EventType "team-tourn"]
[EventCountry "CZE"]
[SourceTitle "playchess.com"]
[Source "ChessBase"]
[SourceQuality "1"]
[WhiteTeam "Novoborsky"]
[BlackTeam "Siesta B"]

{[%evp 21,59,14,32,17,29,16,25,10,45,42,43,18,24,22,48,47,56,48,129,28,43,0,0,14,25,29,56,0,18,10,81,75,105,81,190,197,158,155,954,944]} 1. e4 e5 2. Nf3 Nf6 3. Nxe5 d6 4. Nf3 Nxe4 5. d4 d5 6. Bd3 Nc6 7. O-O Be7 8. Nbd2 Nd6 {C42: Petroff Defence: 3 Nxe5 and unusual White 3rd moves} (8... Bf5 9. Re1 Nxd2 10. Qxd2 Bxd3 11. Qxd3 O-O 12. c3 Qd7 13. Re2 a6 14. Bg5 Bd6 15. Rae1 Rfe8 16. Ne5 Nxe5 17. dxe5 Be7 18. Bxe7 Rxe7 19. f4 g6 20. Rd1 {½-½ (42) Li,C (2725)-Bu,X (2718) Ningbo 2018}) 9. c3 Bf5 10. Bxf5 Nxf5 11. Re1 O-O {LiveBook: 5 Games} 12. Nf1 Re8 $146 ({Predecessor:} 12... Qd7 13. Qd3 Nd6 14. Ne3 Qe6 15. Qc2 Nc8 16. Bd2 {1-0 (42) Ter Sahakyan,S (2553)-Chu,R (2284) chess.com INT 2018}) 13. Qb3 b6 14. Bf4 Na5 15. Qc2 Nd6 16. Ne3 c6 17. b3 {[%cal Bb2b3,Bb3c4][%mdl 32]} Nab7 18. c4 dxc4 19. bxc4 c5 {[#]} (19... Bf8 $14) 20. Rad1 (20. dxc5 $1 $16 Nxc5 21. Rad1) 20... cxd4 21. Nxd4 Bf8 22. Nb5 Qf6 {Hoping for ...Nxb5.} 23. Bxd6 Bxd6 24. Nd5 (24. g3 $14) 24... Qh6 25. g3 $36 {[%mdl 2048] White is pushing.} Rxe1+ (25... Bc5 $11 {keeps the balance.}) 26. Rxe1 $16 Bf8 27. Qe4 {Strongly threatening Ne7+.} Qd2 {[#]} (27... Qe6 $16 {was worth a try.}) 28. Re3 $1 $18 {Black must now prevent Ne7+.} Rb8 29. Qf4 Rc8 $2 {[#]} (29... Rd8 $16) 30. Nf6+ $1 {[%mdl 512] Accuracy: White = 60%, Black = 30%.} 1-0

[Event "CZE-tht Extraliga 2018-19"]
[Site "Czech Republic"]
[Date "2018.12.01"]
[Round "3"]
[White "Shengelia, David"]
[Black "Cvek, Robert"]
[Result "1-0"]
[WhiteElo "2532"]
[BlackElo "2520"]
[Annotator "TA"]
[PlyCount "179"]
[EventDate "2018.11.03"]
[EventType "team-tourn"]
[EventCountry "CZE"]
[SourceTitle "playchess.com"]
[Source "ChessBase"]
[SourceQuality "1"]
[WhiteTeam "Duras"]
[BlackTeam "Poruba"]

{[%evp 21,179,27,19,0,0,0,0,0,3,0,-13,-18,0,0,24,23,31,30,81,83,78,23,45,53,49,51,57,16,25,13,95,95,112,88,100,75,75,75,94,84,92,81,133,87,107,83,75,75,83,87,79,89,104,91,178,178,178,178,182,178,209,178,178,178,241,178,354,83,83,112,141,141,141,141,217,83,83,83,107,107,107,107,114,114,115,114,178,141,177,141,141,141,141,114,114,103,103,103,238,141,450,178,178,178,178,178,178,0,0,0,178,178,178,178,178,103,72,0,178,141,141,141,141,141,141,141,141,8,8,8,170,163,145,0,0,0,8,0,0,8,8,0,29960,29965,29965,29965,29966,29969,29970,29971,29976,29977,29981,29981,29990,29970,29991,29992,29992,29993]} 1. d4 Nf6 2. c4 e6 3. Nc3 d5 4. Nf3 Be7 5. Bg5 h6 6. Bxf6 Bxf6 7. e3 O-O 8. Rc1 c6 9. h4 {D55: Queen's Gambit Declined: 4 Bg5 Be7: Lines without ...h6 and 6...h6 7 Bxf6} c5 10. dxc5 Na6 {[%cal Bb8a6,Ba6c5,Bc5e4][%mdl 32]} 11. cxd5 Nxc5 {LiveBook: 4 Games} 12. b4 $146 ({Predecessor:} 12. Qd2 Bxc3 13. Qxc3 Ne4 14. Qc7 exd5 15. Qxd8 Rxd8 16. Nd4 Bd7 {½-½ (63) Rapport,R (2674)-Landa,K (2644) Haguenau 2013}) 12... Bxc3+ $1 13. Rxc3 Ne4 14. Rc1 exd5 15. Qd4 Bg4 16. Be2 Re8 17. O-O Bxf3 18. Bxf3 Qxh4 19. Rc7 b6 (19... Re7 $11 20. g3 Qg5 21. Rxe7 Qxe7) 20. Qxd5 $16 Ng5 21. Qf5 (21. Qxa8 $16 Rxa8 22. Bxa8) 21... Nxf3+ 22. Qxf3 Rf8 23. a3 Qd8 24. Rfc1 a5 25. b5 Rb8 (25... a4 $1 $11 {remains equal.}) 26. a4 $36 {[%mdl 2048] White is in control.} Qd3 27. R1c4 Rbd8 28. Rf4 Qd1+ 29. Qxd1 Rxd1+ {[%mdl 4096] Endgame KRR-KRR} 30. Kh2 Rd6 31. Rb7 g6 (31... h5 $142) 32. Kg3 Kg7 33. Rc4 Re8 34. e4 h5 35. f3 g5 36. Rc6 Rd4 37. Rcc7 Rf8 (37... Rxa4 $16 {keeps fighting.} 38. Rxf7+ (38. Rxb6 Rb4 $14) 38... Kg6 39. Rg7+ Kh6 40. Rh7+ Kg6) 38. Rxb6 $18 Rxa4 39. Ra6 Ra2 40. b6 h4+ 41. Kh3 g4+ 42. fxg4 (42. Kxg4 $6 Rxg2+ 43. Kf4 (43. Kh3 Rg3+ 44. Kh2 Rd8 $11) 43... h3 $14) 42... Rb2 43. e5 Rb3+ $2 (43... Re8 {might work better.} 44. b7 (44. Rxa5 Rxb6 45. Raa7 Rf8 $16) 44... Rxe5) 44. Kh2 $2 (44. Kxh4 $18 {Hoping for b7.} Rh8+ 45. Kg5) 44... Re8 45. Raa7 Rxb6 46. Rxf7+ Kg6 47. Rf5 {Strongly threatening Kh3.} Rd8 (47... Ree6 $16 48. Rxa5 Rb3) 48. Rxa5 (48. Kh3 $18 {is the precise move to win.}) 48... Rd1 $16 49. Ra7 $1 {[%cal Ra7f7] aiming for Raf7.} Re6 50. Ra8 Re1 51. Rg8+ Kh7 52. Rgg5 Kh6 53. Rh5+ Kg6 (53... Kg7 $16 54. g3 (54. Rxh4 R1xe5 55. Rhh5 Re4 $16) 54... hxg3+ 55. Kxg3 Rb6) 54. Rfg5+ $18 (54. Rxh4 R6xe5 55. Rf8 Re8 $16) 54... Kf7 55. Rh7+ (55. Rxh4 R1xe5 56. Rf5+ Kg7 $16) 55... Kf8 56. Rf5+ Kg8 57. Rhh5 Kg7 58. g3 Re2+ 59. Kh3 Ra6 (59... hxg3 $16 60. Kxg3 Re1) 60. Kxh4 ({Resist} 60. Rxh4 $6 Ra1 $16) (60. Rfg5+ $1 $18 Kf7 61. Rf5+ (61. Rxh4 Ra1 $16) 61... Kg6 62. Rhg5+ (62. Rxh4 Ra1 $16) 62... Kh6 63. Rg8) 60... Rh2+ 61. Kg5 Re2 62. Kf4 Ra4+ 63. Kf3 $1 Rae4 64. Rhg5+ $2 ({White must play} 64. Rfg5+ $18 Kf8 65. Rh8+ Kf7 66. Rf5+ Kg7 67. Re8) 64... Kh6 $1 $11 65. Rh5+ $2 (65. e6 $11) 65... Kg7 $18 66. Rfg5+ Kf7 67. Rh7+ Kf8 68. Rh8+ (68. Rc7 $18) 68... Kf7 $16 69. Rh7+ (69. Rf5+ $16 Kg7 70. Re8) 69... Kf8 $1 $18 70. Rf5+ Kg8 71. Re7 R2e3+ 72. Kf2 Re2+ 73. Kf1 R2e3 {[#]} 74. g5 (74. Rf4 $1 $16) 74... Rxg3 $11 75. Kf2 Rb3 $2 {[#]} (75... Reg4 $11 {and Black is okay.}) 76. g6 $1 $18 Ra4 {intending ...Ra2+.} 77. Kg2 ({White should try} 77. e6 $16 Ra2+ 78. Kg1) 77... Rg4+ $11 78. Kf2 {And now e6 would win.} Rxg6 79. e6 {Black must now prevent Re8+.} Rg7 80. Re8+ Kh7 81. e7 {Rh8+! would kill now.} Kg6 $2 {[%mdl 8192]} (81... Rb2+ $11 82. Ke3 Rb3+ 83. Kf4 Rb4+ 84. Kf3 Rb3+ 85. Kf4 Rb4+ 86. Ke3 Rb3+ 87. Kf2 Rb2+ 88. Kf1 Rb1+ 89. Kf2 Rb2+) 82. Re5 {White mates.} Rb7 83. Ke3 Ra7 84. Re6+ Kg5 85. Kd4 Rb7 86. Re1 Rd7+ 87. Kc5 Kg6 88. Kc6 Ra7 89. Rg1+ Kf7 90. Rf8+ {Accuracy: White = 49%, Black = 52%.} 1-0